Periodic Table Elements Beginning With N - Statistics

General Stats
  • This quiz has been taken 280 times
  • The average score is 6 of 8
Answer Stats
Element % Correct
Neon
94%
Nitrogen
92%
Nickel
80%
Niobium
75%
Nobelium
73%
Neodymium
72%
Neptunium
66%
Nihonium
64%
No matching quizzes found
Score Distribution
Percent of People with Each Score
Percentile by Number Answered
Your Score History
You have not taken this quiz